[Event "Schuhplattler Veterans vs Ladies"]
[Site "Munich GER"]
[Date "2000.07.13"]
[Round "8"]
[White "Hort,V"]
[Black "Zhu Chen"]
[Result "1-0"]
[WhiteElo "2539"]
[BlackElo "2539"]

1.d4 d5 2.Nf3 c6 3.c4 Nf6 4.e3 e6 5.Nc3 Nbd7 6.Qc2 Bd6 7.g4 Bb4 8.Rg1 Qe7
9.Bd2 b6 10.cxd5 exd5 11.Bd3 Bb7 12.O-O-O O-O 13.g5 Bxc3 14.Bxc3 Ne4 15.Ne5 Nxe5
16.Bxe4 dxe4 17.dxe5 c5 18.Rd6 Rad8 19.Qd2 Rxd6 20.exd6 Qe6 21.b3 Rd8 22.Ba1 Qxd6
23.Qc3 Qg6 24.h4 h5 25.Qe5 Ba6 26.Bc3 Be2 27.Kb2 a5 28.Rc1 Kh7 29.Ka1 Bg4
30.Kb2 Rd7 31.Rc2 Bd1 32.Rc1 Be2 33.Qe8 Bb5 34.Qf8 Rd5 35.Rc2 Bd3 36.Rd2 b5
37.Ka1 a4 38.bxa4 bxa4 39.Rb2 Rxg5 40.hxg5 Qxg5 41.Rb8 f6 42.Kb2 h4 43.Rb7 a3+
44.Kxa3 c4 45.Qxf6  1-0

[Event "Schuhplattler Veterans vs Ladies"]
[Site "Munich GER"]
[Date "2000.07.14"]
[Round "9"]
[White "Zhu Chen"]
[Black "Korchnoi,V"]
[Result "0-1"]
[WhiteElo "2539"]
[BlackElo "2620"]

1.d4 Nf6 2.c4 e6 3.Nf3 d5 4.Nc3 Be7 5.Bg5 h6 6.Bh4 O-O 7.e3 Nbd7 8.Bd3 dxc4
9.Bxc4 a6 10.a4 c5 11.O-O cxd4 12.exd4 Qa5 13.Qe2 Bb4 14.Rfc1 b6 15.Ne4 Bb7
16.Nxf6+ Nxf6 17.Ne5 Nh7 18.Qg4 Bd5 19.Bd3 Bd6 20.Nc4 Bxc4 21.Bxc4 Qb4 22.Bd3 Rfc8
23.Qe4 Nf8 24.Rxc8 Rxc8 25.Bxa6 Rc7 26.Qe2 Qxd4 27.Bg3 Bxg3 28.hxg3 Rc5 29.Bb5 Re5
30.Qc2 Rd5 31.Rb1 Ng6 32.b4 Ne5 33.Be2 g5 34.Qb2 Qe4 35.Bf1 h5 36.Rc1 h4
37.gxh4 gxh4 38.Rc8+ Kg7 39.Rc4 Qg6 40.Rxh4 Qf6  0-1

[Event "Schuhplattler Veterans vs Ladies"]
[Site "Munich GER"]
[Date "2000.07.15"]
[Round "10"]
[White "Bouwmeester,H"]
[Black "Zhu Chen"]
[Result "1-0"]
[WhiteElo "2414"]
[BlackElo "2539"]

1.d4 Nf6 2.Nf3 g6 3.g3 d5 4.Bg2 Bg7 5.O-O O-O 6.c4 dxc4 7.Na3 Nc6 8.Nxc4 Be6
9.b3 Bd5 10.Bb2 a5 11.a4 Qb8 12.Nfe5 Bxg2 13.Kxg2 Nb4 14.Ba3 Rd8 15.e3 c5
16.Bb2 b5 17.axb5 Qxb5 18.Qf3 cxd4 19.exd4 Ra6 20.Bc3 Rc8 21.Ra4 Nc2 22.Rb1 Bf8
23.Ra2 Nb4 24.Ra4 Rb8 25.Bxb4 axb4 26.Rba1 Rxa4 27.Rxa4 Qd5 28.Nc6 Rb5 29.N4e5 Kg7
30.Ra8 Qxf3+ 31.Kxf3 Rb6 32.Nd8 e6 33.Ra7 Rd6 34.Rxf7+ Kg8 35.Nb7 Rb6 36.Rxf6 Rxb7
37.Rxe6 Ra7 38.Nc6 Ra2 39.Re2 Ra1 40.Rd2 Rb1 41.Rd3 Kf7 42.Ne5+ Ke6 43.Nc4 Bd6
44.h4 Rc1 45.Ke4 Re1+ 46.Ne3 Rg1 47.Rd1 Rxd1 48.Nxd1 Bf8 49.Ne3 Bg7 50.Kd3 h6
51.Kc4 Bf8 52.Kb5 Kd7 53.Nc2 Ke6 54.Nxb4 Kf5 55.Kc4 Ke4 56.Nd3 g5 57.hxg5 hxg5
58.b4 Bd6 59.b5 Bc7 60.Nc5+  1-0

[Event "FIDE women's World Cup Gp A"]
[Site "Shenyang CHN"]
[Date "2000.08.01"]
[Round "1"]
[White "Zhu Chen"]
[Black "Maric,A"]
[Result "1-0"]
[WhiteElo "2539"]
[BlackElo "2443"]

1.d4 Nf6 2.c4 e6 3.Nf3 b6 4.a3 Bb7 5.Nc3 d5 6.Bg5 Be7 7.e3 O-O 8.Qc2 Nbd7
9.Rd1 a6 10.Bd3 h6 11.Bh4 c5 12.dxc5 bxc5 13.cxd5 exd5 14.Be2 Qb6 15.O-O Rac8
16.Qb1 Rfd8 17.Rfe1 Nf8 18.Bd3 g6 19.Rd2 Ba8 20.Qd1 Ne6 21.Bf1 Nc7 22.Ne5 Qe6
23.Nd3 g5 24.Bg3 Nb5 25.f3 Nxc3 26.bxc3 Nd7 27.Nf2 Bf6 28.Qc1 Ne5 29.f4 Nc4
30.Bxc4 dxc4 31.e4 gxf4 32.Bxf4 Bg7 33.Red1 Rxd2 34.Qxd2 Bxe4 35.Nxe4 Qxe4
36.Bxh6 Rc6 37.Bxg7 Kxg7 38.Qf2 Rg6 39.Rf1 Qd5 40.a4 a5 41.h3 Rb6 42.Qg3+ Rg6
43.Qf3 Qd7 44.Qf5 Qb7 45.Rf2 Qe7 46.Kh2 Qd6+ 47.Qf4 Qe6 48.Rf3 Qd5 49.h4 Qe6
50.Qf5 Qe7 51.Kh3 Re6 52.Qg4+ Kh8 53.Qh5+ Kg7 54.Qg4+ Kh8 55.Rf5 Rg6 56.Qf4 Qd7
57.Kh2 Kg8 58.h5 Rc6 59.Rg5+ Kh8 60.Rg3 Qd8 61.Qxf7 Qh4+ 62.Rh3 Qe4 63.Rf3 Qe5+
64.Kg1 Rc8 65.Qf6+ Qxf6 66.Rxf6 Rd8 67.Rf4 Rd5 68.g4 Kg7 69.Rxc4 Kh6 70.Kf2 Kg5
71.Ke3 Kh4 72.Rf4 Rd1 73.Rc4 Re1+ 74.Kd3 Rd1+ 75.Kc2 Rd5 76.Re4 Kg3 77.h6 Kh4
78.h7  1-0

[Event "FIDE women's World Cup Gp A"]
[Site "Shenyang CHN"]
[Date "2000.08.02"]
[Round "2"]
[White "Payet,A"]
[Black "Zhu Chen"]
[Result "0-1"]
[WhiteElo "2010"]
[BlackElo "2539"]

1.d4 Nf6 2.c4 e6 3.Nc3 d5 4.Bg5 Nbd7 5.c5 Be7 6.f3 c6 7.e3 e5 8.Bd3 O-O 9.Bf5 h6
10.Bh4 exd4 11.exd4 b6 12.b4 bxc5 13.bxc5 Qa5 14.Ne2 Ne4 15.fxe4 Bxh4+ 16.g3 Bg5
17.O-O dxe4 18.Nxe4 Nf6 19.Nxg5 hxg5 20.Bxc8 Raxc8 21.Rf5 Qa3 22.Qb3 Qa6
23.Qc2 Rfe8 24.Nc3 Qc4 25.Qd2 Rcd8 26.Rd1 g4 27.Rf4 Rd7 28.Qd3 Qb4 29.Ne4 Nd5
30.Rf5 Rde7 31.Rb1 Qa5 32.Re5 Rxe5 33.dxe5 g6 34.Qd4 Qxa2 35.Rf1 Qb3 36.Nd6 Re7
37.Nc8 Rc7 38.Nd6 Qe3+ 39.Qxe3 Nxe3 40.Rf4 Re7 41.Re4 Nd5 42.Nc8 Re6 43.Nxa7 Ne7
44.Kf2 f6 45.Rxg4 Rxe5 46.Rc4 Kf7 47.Kf3 Re1 48.Ra4 Rc1 49.Ra5 Ke6 50.h4 Rc3+
51.Kg4 f5+ 52.Kf4 Kf6  0-1

[Event "34th Olympiad Women"]
[Site "Istanbul TUR"]
[Date "2000.10.28"]
[Round "1"]
[White "Delai,P"]
[Black "Zhu Chen"]
[Result "0-1"]
[WhiteElo "2110"]
[BlackElo "2539"]

1.d4 d5 2.Nf3 c6 3.e3 Bf5 4.c4 e6 5.Qb3 Qc7 6.Bd2 Nf6 7.Be2 Be7 8.O-O O-O
9.Bb4 Bxb4 10.Qxb4 Qb6 11.Qxb6 axb6 12.Nc3 h6 13.Rfd1 Nbd7 14.Rac1 Ne4 15.a3 Bg4
16.h3 Bxf3 17.Bxf3 Nd6 18.cxd5 exd5 19.g3 b5 20.Ne2 g5 21.Rc2 Ra4 22.Nc3 Ra5
23.Kg2 Re8 24.Na2 Nb6 25.Nc1 Nbc4 26.Nb3 Raa8 27.Rd3 Re7 28.Nd2 Kg7 29.Nxc4 bxc4
30.Rd1 b5 31.Re2 f5 32.Rde1 c3 33.bxc3 Rxa3 34.Rc2 f4 35.gxf4 gxf4 36.Ree2 Kf6
37.exf4 Rxe2 38.Bxe2 Ne4 39.Bd3 Nxc3 40.Kf1 b4 41.Ke1 Ra1+ 42.Kd2 Rd1+ 43.Ke3 Rh1  0-1

[Event "34th Olympiad Women"]
[Site "Istanbul TUR"]
[Date "2000.10.30"]
[Round "3"]
[White "Zhu Chen"]
[Black "Maric,A"]
[Result "1/2-1/2"]
[WhiteElo "2539"]
[BlackElo "2443"]

1.d4 Nf6 2.Bg5 d5 3.Bxf6 exf6 4.e3 Be6 5.Nd2 Nd7 6.Bd3 f5 7.Ne2 Bd6 8.O-O Nf6
9.g3 O-O 10.c4 dxc4 11.Nxc4 Bxc4 12.Bxc4 g6 13.Nc3 a6 14.a3 c5 15.a4 cxd4
16.Qxd4 Qe7 17.Nd5 Nxd5 18.Bxd5 Bc5 19.Qc4 Rac8 20.Rac1 a5 21.Rfd1 b6 22.Rc3 Rc7
23.Qf4 Kg7 24.Rcd3 Rd7 25.Qc4 Rfd8 26.Qc3+ Qf6 27.Kg2 Rd6 28.Kf3 h5 29.h4 R8d7
30.Ke2 Rd8 31.Qxf6+ Kxf6  1/2-1/2

[Event "34th Olympiad Women"]
[Site "Istanbul TUR"]
[Date "2000.11.07"]
[Round "10"]
[White "Zhu Chen"]
[Black "Zatonskih,A"]
[Result "1-0"]
[WhiteElo "2539"]
[BlackElo "2446"]

1.d4 e6 2.c4 Nf6 3.Nf3 b6 4.a3 c5 5.d5 Ba6 6.Qc2 exd5 7.cxd5 g6 8.Nc3 Bg7
9.g3 O-O 10.Bg2 d6 11.O-O Re8 12.Re1 b5 13.e4 Nbd7 14.h3 Qc8 15.Bf4 b4 16.Nd1 b3
17.Qb1 Qc7 18.Nc3 Rab8 19.g4 h6 20.Qd1 Nh7 21.Qd2 g5 22.Bg3 Nhf8 23.h4 f6
24.h5 Ne5 25.Bxe5 fxe5 26.Nd1 Qf7 27.Nh2 Kh7 28.Rc1 Rb6 29.Re3 Reb8 30.Rf3 Bf6
31.Ne3 Nd7 32.Rc3 Qf8 33.Qd1 Qc8 34.Bf1 Bxf1 35.Nhxf1 Bg7 36.Nc4 Nf6 37.Rg3 Ra6
38.Nfd2 Kg8 39.f3 Bf8 40.Rxb3 Nd7 41.Rxb8 Qxb8 42.Qb3 Qxb3 43.Nxb3 Ra4 44.Nba5 Nb6
45.b3 Nxc4 46.Nxc4 Ra6 47.Rg2 Kf7 48.a4 Be7 49.a5 Bd8 50.Ra2  1-0

[Event "34th Olympiad Women"]
[Site "Istanbul TUR"]
[Date "2000.11.10"]
[Round "13"]
[White "Zhu Chen"]
[Black "Cosma,E"]
[Result "1-0"]
[WhiteElo "2539"]
[BlackElo "2360"]

1.d4 d5 2.c4 e6 3.Nc3 c6 4.Nf3 Nf6 5.Bg5 h6 6.Bh4 dxc4 7.e4 g5 8.Bg3 b5 9.Be2 Nh5
10.O-O Nf4 11.Bxf4 gxf4 12.Qd2 Bb7 13.Qxf4 Nd7 14.Rad1 Qb8 15.Qh4 Be7 16.Qh5 Nf6
17.Qh3 Qf4 18.Ne5 h5 19.Qe3 Qh6 20.f4 Rc8 21.Qh3 Rd8 22.Kh1 a6 23.f5 Nd7
24.Nxf7 Kxf7 25.fxe6+ Ke8 26.exd7+ Rxd7 27.d5 cxd5 28.Nxd5 Bxd5 29.exd5 Kd8
30.a4 Qb6 31.axb5 axb5 32.b3 Rh6 33.bxc4 b4 34.Ra1 Kc7 35.c5 Bxc5 36.Ra6 Qxa6
37.Bxa6 Rxa6 38.Qxh5 Rad6 39.Rd1 Re7 40.h3 Kb6 41.Qh8 Kb5 42.Qb8+ Rb6 43.Qf4 Rd6
44.Qf1+ Kb6 45.Qc4 Rc7 46.Ra1 Kb7 47.Ra5  1-0

[Event "FIDE WCh Women KO"]
[Site "New Delhi ITA"]
[Date "2000.11.27"]
[Round "1.1"]
[White "Krush,I"]
[Black "Zhu Chen"]
[Result "1/2-1/2"]
[WhiteElo "2354"]
[BlackElo "2539"]

1.d4 d5 2.c4 c6 3.Nc3 Nf6 4.Nf3 a6 5.a4 e6 6.Bg5 Nbd7 7.a5 Be7 8.e3 O-O 9.Be2 dxc4
10.Ne5 h6 11.Bh4 Nxe5 12.dxe5 Nd7 13.Bxe7 Qxe7 14.Qd6 Qxd6 15.exd6 Rd8 16.O-O b5
17.axb6 Rb8 18.Rfd1 Rxb6 19.Bxc4 Ne5 20.Be2 Rxb2 21.Bxa6 Bxa6 22.Rxa6 Rc2
23.Ne4 f5 24.Ng3 Nf7 25.Nh5 Rxd6 26.Ra8+ Kh7 27.Rb1 Rcd2 28.h3 Rd1+ 29.Rxd1 Rxd1+
30.Kh2 e5 31.Rc8 Rc1 32.Rc7 Kg6 33.g4 fxg4 34.hxg4 e4 35.Kg3 Rc2 36.Nf4+ Kf6
37.Nh5+ Kg6 38.Nf4+ Kf6 39.Nh5+ Kg6  1/2-1/2

[Event "FIDE WCh Women KO"]
[Site "New Delhi IND"]
[Date "2000.11.28"]
[Round "1.2"]
[White "Zhu Chen"]
[Black "Krush,I"]
[Result "0-1"]
[WhiteElo "2539"]
[BlackElo "2354"]

1.e4 c5 2.Nf3 d6 3.d4 cxd4 4.Nxd4 Nf6 5.Nc3 Nc6 6.Bg5 e6 7.Qd2 a6 8.O-O-O h6
9.Nxc6 bxc6 10.Bf4 d5 11.Qe3 Qa5 12.Be2 Bb4 13.Be5 Be7 14.exd5 cxd5 15.Bxf6 gxf6
16.Rhe1 Qc5 17.Qg3 Bb7 18.Bf3 Kf8 19.Kb1 Rc8 20.Rd2 Qb4 21.Rd3 a5 22.Red1 Ba6
23.Rd4 Qb6 24.Bh5 Bd6 25.f4 Rg8 26.Qh3 Bb4 27.Na4 Qc6 28.c3 Qxa4 29.a3 Bc4
30.cxb4 axb4 31.R1d2 Rb8 32.Bd1 Qa5 33.b3 bxa3 34.Ka2 Bb5 35.f5 Bd7 36.fxe6 Bxe6
37.Qxh6+ Ke7 38.Qe3 Rg5 39.Ra4 Qxa4 40.Qxg5 Qb4 41.Qe3 Kf8 42.g4 Qd6 43.Qh6+ Ke7
44.g5 fxg5 45.Qxg5+ Ke8 46.Bg4 Qb4 47.Bd1 d4 48.Rd3 Rc8 49.Qg8+ Ke7 50.Qg5+ Ke8
51.Qe5 Rc4 52.h4 Kf8 53.Qg3 Bf5 54.h5 Bxd3 55.Qxd3 Rc6 56.Qe2 Re6 57.Qc2 Qc3
58.Qg2 Qb2+ 59.Qxb2 axb2 60.Kxb2 f5 61.Kc2 Re3 62.b4 f4 63.b5 f3 64.Kd2 f2
65.Be2 Rb3 66.h6 Rb1 67.Kd3 Rxb5 68.Kxd4 Rb1  0-1

[Event "US-China Summit"]
[Site "Seattle USA"]
[Date "2001.03.14"]
[Round "1"]
[White "Christiansen,L"]
[Black "Zhu Chen"]
[Result "1/2-1/2"]
[WhiteElo "2566"]
[BlackElo "2538"]

1.e4 c5 2.Nf3 d6 3.d4 cxd4 4.Nxd4 Nf6 5.Nc3 a6 6.f4 e5 7.Nf3 Nbd7 8.a4 Be7
9.Bd3 O-O 10.O-O exf4 11.Kh1 Nc5 12.Bxf4 Be6 13.Nd4 Rc8 14.Qe2 Re8 15.Nxe6 Nxe6
16.Be3 Nd7 17.Bc4 Bg5 18.Bb3 Bxe3 19.Qxe3 Ne5 20.Rad1 Nc5 21.Nd5 Qh4 22.Rde1 h6
23.h3 Qg5 24.Qf2 Kh8 25.Re3 Rf8 26.Nf4 Rfe8 27.a5 Nxb3 28.Rxb3 Rc7 29.Nd5 Rd7
30.Rg3 Qh4 31.Kh2 Ng6 32.Qf5 Qd8 33.Qg4 Rg8 34.b4 Ne5 35.Qh5 f6 36.Qf5 Rf7
37.Rc3 Qd7 38.Rd1 Nc6 39.Qf4 Qe6 40.Qf5 Re8 41.Rc4 Qe5+ 42.Kg1 Kg8 43.Qxe5 Nxe5
44.Rc3 Nc6 45.Re3 Ne5 46.Rc3 Nc6  1/2-1/2

[Event "TCh-CHN Women"]
[Site "Suzhou, Jiangsu CHN"]
[Date "2001.03.26"]
[Round "1"]
[White "Zhu Chen"]
[Black "Gong Qingyun"]
[Result "1-0"]
[WhiteElo "2538"]
[BlackElo "2197"]

1.Nf3 e6 2.c4 f5 3.g3 Nf6 4.Bg2 d5 5.O-O Bd6 6.Qc2 c6 7.d4 O-O 8.Bf4 Bxf4
9.gxf4 Ne4 10.Nbd2 Nd7 11.b4 Nd6 12.a4 Rf6 13.e3 Rh6 14.b5 Nf7 15.Kh1 Nf8
16.cxd5 cxd5 17.Rfc1 Qf6 18.Qc7 Ng6 19.Ra2 Nh4 20.Nxh4 Rxh4 21.Nf3 Rh5 22.Rac2 h6
23.h3  1-0

[Event "TCh-CHN Women"]
[Site "Suzhou, Jiangsu CHN"]
[Date "2001.03.27"]
[Round "2"]
[White "Liang Zhihua"]
[Black "Zhu Chen"]
[Result "1-0"]
[WhiteElo "2224"]
[BlackElo "2538"]

1.e4 c5 2.Nf3 d6 3.d4 cxd4 4.Nxd4 Nf6 5.Nc3 a6 6.f4 e5 7.Nf3 Nbd7 8.a4 Be7
9.Bd3 O-O 10.O-O exf4 11.Kh1 Nc5 12.Bxf4 Bd7 13.a5 Re8 14.Nd4 Bg4 15.Qd2 h6
16.Qf2 Bh5 17.Nf5 Bg6 18.Qd4 Bf8 19.Bg3 Ne6 20.Qf2 Ng4 21.Qb6 Qxb6 22.axb6 Bxf5
23.Rxf5 Rac8 24.Nd5 Nd4 25.Rf4 Ne5 26.Nc7 Re7 27.Rf2 Ne6 28.Nd5 Rd7 29.b4 Nc4
30.Rd1 Rdd8 31.Rdf1 f6 32.Nc7 Nb2 33.Nxe6 Rd7 34.Nc7 Be7 35.Be2 Rb8 36.Bg4 Rdd8
37.Be6+ Kh8 38.Bb3  1-0

[Event "TCh-CHN Women"]
[Site "Suzhou, Jiangsu CHN"]
[Date "2001.03.30"]
[Round "5"]
[White "Zhu Chen"]
[Black "Wang Pin"]
[Result "1/2-1/2"]
[WhiteElo "2538"]
[BlackElo "2506"]

1.d4 Nf6 2.c4 g6 3.Nc3 Bg7 4.e4 d6 5.Nf3 O-O 6.Be2 e5 7.O-O Nc6 8.d5 Ne7
9.b4 Nh5 10.Re1 f5 11.Ng5 Nf6 12.Bf3 c6 13.Be3 f4 14.Bc1 h6 15.Ne6 Bxe6 16.dxe6 Nc8
17.Qb3 Qe7 18.c5 Re8 19.Be2 Kh7 20.b5 dxc5 21.bxc6 bxc6 22.Ba3 Nb6 23.Bc4 Nxc4
24.Qxc4 Qxe6 25.Qxe6 Rxe6 26.Red1 Bf8 27.Rab1 Rd6 28.Rb7+ Kg8 29.Rxd6 Bxd6
30.Kf1 a5 31.f3 Rd8 32.Ra7 c4 33.Bxd6 Rxd6 34.Rxa5 Rd3 35.Ne2 Nd7 36.Ke1 c3
37.Ra3 Rd2 38.g3 g5 39.Rxc3 Rxa2 40.Rxc6 Ra3 41.Rxh6 Rxf3 42.Rg6+ Kh7 43.Rxg5 Re3
44.gxf4 exf4 45.Kf2 Nf6 46.Nxf4 Nxe4+ 47.Kxe3 Nxg5  1/2-1/2

[Event "TCh-CHN Women"]
[Site "Suzhou, Jiangsu CHN"]
[Date "2001.04.03"]
[Round "8"]
[White "Xu Tong"]
[Black "Zhu Chen"]
[Result "0-1"]
[WhiteElo "2119"]
[BlackElo "2538"]

1.e4 c5 2.Nf3 d6 3.d4 cxd4 4.Nxd4 Nf6 5.Nc3 Nc6 6.Be2 g6 7.Be3 Bg7 8.Qd2 O-O
9.O-O-O Bd7 10.f3 a6 11.h4 b5 12.h5 Rc8 13.Kb1 Ne5 14.hxg6 fxg6 15.Bh6 Bxh6
16.Qxh6 Rf7 17.Nd5 e6 18.Nf4 Qe7 19.Nd3 Nxd3 20.Bxd3 e5 21.Ne2 Be6 22.Qh4 Nh5
23.Qxe7 Rxe7 24.c3 Kg7 25.Bc2 Rc6 26.Rd2 Bc4 27.Bb3 Bxe2 28.Rxe2 Ng3 29.Rhe1 Nxe2
30.Rxe2 h5 31.Rd2 Kf6 32.Kc2 Kg5 33.Kd1 Kf4 34.Ke2 Kg3 35.Ke3 g5  0-1

[Event "TCh-CHN Women"]
[Site "Suzhou, Jiangsu CHN"]
[Date "2001.04.04"]
[Round "9"]
[White "Zhu Chen"]
[Black "Yu Ting"]
[Result "1/2-1/2"]
[WhiteElo "2538"]
[BlackElo "2177"]

1.d4 Nf6 2.c4 e6 3.Nf3 d5 4.Nc3 Be7 5.Bg5 h6 6.Bh4 O-O 7.e3 Nbd7 8.Rc1 dxc4
9.Bxc4 b6 10.O-O Bb7 11.Qe2 Ne4 12.Bg3 Nxg3 13.hxg3 Bb4 14.Bb5 a6 15.Bxd7 Qxd7
16.a3 Bd6 17.e4 Rfd8 18.Rfd1 Qe8 19.e5 Be7 20.Ne4 Rd7 21.Rd2 Qd8 22.Rdc2 Bg5
23.Ra1 a5 24.Rc3 Be7 25.Rac1 Bd5 26.g4 Bg5 27.R1c2 Bb7 28.Kh2 Bf4+ 29.g3 Bg5
30.Kh3 Ba6 31.Qe1 Bb7 32.Qe2 Ba6 33.Qe1 Bb7 34.Nexg5 hxg5 35.Qe3 Bxf3 36.Qxf3 Ra7
37.Rc4 Rxd4 38.Qc6 Rd1 39.Rc1 Rd5 40.Re4 Rd2 41.Rc2 Rxc2 42.Qxc2 Qd5 43.Re1 Ra8
44.Qxc7 Qd2 45.Qc6 Rf8 46.Rf1 Qxb2 47.a4 g6 48.Kg2 Qxe5 49.Rb1 Qd4 50.Rxb6 Qxg4
51.Ra6 Qb4 52.Rb6 Qd2 53.Qe4 Rc8 54.Rxe6 Qb4 55.Rxg6+ fxg6 56.Qxg6+ Kf8 57.Qf5+  1/2-1/2

[Event "zt3.3 Women"]
[Site "HeiBei CHN"]
[Date "2001.04.17"]
[Round "2"]
[White "Ruan Lufei"]
[Black "Zhu Chen"]
[Result "0-1"]
[WhiteElo "2199"]
[BlackElo "2538"]

1.e4 c5 2.Nf3 d6 3.d4 cxd4 4.Nxd4 Nf6 5.Nc3 a6 6.Be2 e6 7.O-O Be7 8.f4 O-O
9.Kh1 Qc7 10.Qe1 b5 11.Bf3 Bb7 12.e5 dxe5 13.fxe5 Nfd7 14.Bxb7 Qxb7 15.Bf4 Nc6
16.Nf3 Nc5 17.a3 a5 18.Ne4 Nxe4 19.Qxe4 Rad8 20.Bg5 Rd5 21.a4 h6 22.axb5 Rxb5
23.Bxe7 Nxe7 24.Qxb7 Rxb7 25.b3 Rc8 26.Rf2 Rc5 27.Rd2 Nc6 28.Re1 Rbb5 29.Rde2 Rc3
30.Rd1 Rbc5 31.Rdd2 a4 32.bxa4 Ra3 33.Kg1 Rxa4 34.Rd1 Raa5 35.Rde1 Nb4 36.Nd4 Rc4
37.Rd2 Rd5 38.Re4 Nxc2 39.Rxc2 Rcxd4 40.Rxd4 Rxd4 41.Kf2 Kh7 42.Ke3 Ra4 43.Rc7 Kg6
44.h3 Ra1 45.g3 Re1+ 46.Kf4 Rh1 47.h4 Rf1+ 48.Kg4 h5+ 49.Kh3 Rf5 50.Kg2 Rxe5
51.Kf3 Ra5 52.Rb7 Ra3+ 53.Kf2 Kf6 54.Rc7 g6  0-1

[Event "zt3.3 Women"]
[Site "HeiBei CHN"]
[Date "2001.04.18"]
[Round "3"]
[White "Zhu Chen"]
[Black "Xu Yuhua"]
[Result "1/2-1/2"]
[WhiteElo "2538"]
[BlackElo "2501"]

1.d4 Nf6 2.c4 e6 3.Nf3 b6 4.g3 Bb7 5.Bg2 Be7 6.O-O O-O 7.Nc3 Ne4 8.Qc2 Nxc3
9.Qxc3 c5 10.Rd1 cxd4 11.Nxd4 Bxg2 12.Kxg2 a6 13.Qf3 Ra7 14.Be3 Qc7 15.Rac1 Rb7
16.Bf4 d6 17.Nb3 e5 18.Bd2 Qc6 19.Bb4 Qxf3+ 20.Kxf3 Rd8 21.Rd5 Rc7 22.a4 Rc6
23.a5 Nd7 24.Rcd1 Nf6 25.R5d2 Ne8 26.Bc3 Rdc8 27.Ra1 Bd8 28.Rdd1 f5 29.axb6 Rxb6
30.Nd2 Bf6 31.e4 g6 32.Ra4 Bg5 33.exf5 gxf5 34.Ke2 Kf7 35.Rda1 Rcc6 36.f4 Bf6
37.fxe5 Bxe5 38.Bxe5 dxe5 39.b4 Rh6 40.h4 e4 41.Rf1 Rhf6 42.c5 Rbe6 43.Nc4 Nc7
44.Nd6+ Kg6 45.Ke3 Re5 46.Kd4 Rfe6 47.h5+ Kf6 48.Ra2 e3 49.Re2 Nb5+ 50.Nxb5 axb5
51.Rf4 Ke7 52.Kd3 Kd7 53.Rf3 Rd5+ 54.Kc3 Rde5 55.Kd3  1/2-1/2

[Event "zt3.3 Women"]
[Site "HeiBei CHN"]
[Date "2001.04.21"]
[Round "6"]
[White "Wang Yu"]
[Black "Zhu Chen"]
[Result "0-1"]
[WhiteElo "2413"]
[BlackElo "2538"]

1.e4 c5 2.Nf3 d6 3.d4 cxd4 4.Nxd4 Nf6 5.Nc3 a6 6.Be3 Ng4 7.Bg5 h6 8.Bh4 g5
9.Bg3 Nc6 10.Nxc6 bxc6 11.h3 Ne5 12.Bxe5 dxe5 13.Qxd8+ Kxd8 14.Bc4 e6 15.O-O-O+ Kc7
16.h4 g4 17.Rhf1 Be7 18.g3 Bd7 19.f3 gxf3 20.Rxf3 Be8 21.Rdf1 a5 22.Nd1 Rg8
23.Nf2 Rd8 24.c3 Rg6 25.Nd3 Bd6 26.b3 Kb6 27.Kb2 Bc7 28.Kc2 Rg7 29.Nf2 Rd6
30.g4 Bd8 31.g5 hxg5 32.h5 Rh7 33.Rh1 f6 34.h6 f5 35.Bd3 g4 36.Rg3 Bg6 37.Nxg4 fxg4
38.Rxg4 Bf7 39.Rg7 Rxg7 40.hxg7 Be7 41.Be2 Bg8 42.Rf1 Rd7 43.Rf8 Rd8 44.Rf2 Bc5
45.Rf6 Bh7 46.Bf3 Rg8 47.Rxe6 Rxg7 48.Rxe5 Rg3 49.Be2 Bf8 50.c4 Bg7 51.c5+ Kc7
52.Re6 Kd7 53.Rd6+ Ke7 54.Bd3 Rg2+ 55.Kc1 Be5 56.Rxc6 Bf4+ 57.Kb1 Rd2 58.Ra6 Rxd3
59.Rxa5 Bxe4 60.Kb2 Kd7 61.Ra4 Re3 62.Rc4 Kc6 63.a4 Be5+ 64.Ka3 Bd5 65.Rb4 Kxc5
66.Rb5+ Kc6  0-1

[Event "zt3.3 Women"]
[Site "HeiBei CHN"]
[Date "2001.04.22"]
[Round "7"]
[White "Zhu Chen"]
[Black "Yu Ting"]
[Result "1-0"]
[WhiteElo "2538"]
[BlackElo "2175"]

1.d4 Nf6 2.c4 g6 3.Nc3 Bg7 4.e4 d6 5.Nf3 O-O 6.Be2 e5 7.d5 c6 8.O-O cxd5
9.cxd5 Nbd7 10.Be3 Ng4 11.Bg5 f6 12.Bh4 h5 13.Nd2 Nh6 14.h3 a6 15.a4 Rf7
16.Rc1 Bf8 17.b4 Rg7 18.Nc4 Be7 19.Bg3 Nb6 20.Nb2 f5 21.f4 g5 22.fxe5 f4
23.Bf2 Bxh3 24.gxh3 g4 25.e6 Bh4 26.Qd2 Bg5 27.h4 g3 28.Bd4  1-0

[Event "zt3.3 Women"]
[Site "HeiBei CHN"]
[Date "2001.04.24"]
[Round "8"]
[White "Zhu Chen"]
[Black "Gu Xiaobing"]
[Result "1/2-1/2"]
[WhiteElo "2538"]
[BlackElo "2242"]

1.Nf3 c5 2.c4 Nf6 3.Nc3 d5 4.cxd5 Nxd5 5.d4 cxd4 6.Qxd4 e6 7.e4 Nc6 8.Bb5 Nxc3
9.Bxc6+ bxc6 10.Qxc3 Qd6 11.O-O Qc5 12.Bd2 Qxc3 13.Bxc3 f6 14.e5 Kf7 15.Rac1 Be7
16.Bd4 Bb7 17.Rc3 Rhd8 18.Rfc1 Rd7 19.h4 Rad8 20.Be3 a5 21.Kh2 Rd1 22.Rxd1 Rxd1
23.Bd4 Bb4 24.Rc2 c5 25.Bxc5 Bxf3 26.Bxb4 axb4 27.gxf3 fxe5 28.Rc4 Rd4 29.Rc7+ Kf6
30.Kg3 Rd2 31.b3 Rd4 32.h5 h6 33.Rb7 g6 34.Rh7 Kg5 35.hxg6 Kxg6  1/2-1/2

[Event "zt3.3 Women"]
[Site "HeiBei CHN"]
[Date "2001.04.25"]
[Round "9"]
[White "Gong Qingyun"]
[Black "Zhu Chen"]
[Result "1/2-1/2"]
[WhiteElo "2193"]
[BlackElo "2538"]

1.e4 c5 2.Nf3 d6 3.d4 cxd4 4.Qxd4 a6 5.Bg5 Nc6 6.Qd2 h6 7.Bh4 Nf6 8.Nc3 e6
9.O-O-O Qc7 10.Bg3 Ng4 11.Nd4 Bd7 12.h3 Nge5 13.Nxc6 Qxc6 14.f4 Ng6 15.h4 h5
16.f5 exf5 17.exf5 Bxf5 18.Bd3 Bxd3 19.Qxd3 Be7 20.Nd5 Ne5 21.Bxe5 dxe5 22.Nxe7 Kxe7
23.Qa3+ Ke6 24.Qb3+ Ke7 25.Qa3+ Ke6 26.Qb3+  1/2-1/2

[Event "zt3.3 Women"]
[Site "HeiBei CHN"]
[Date "2001.04.27"]
[Round "11"]
[White "Wang Pin"]
[Black "Zhu Chen"]
[Result "1/2-1/2"]
[WhiteElo "2504"]
[BlackElo "2538"]

1.e4 c5 2.Nf3 d6 3.d4 cxd4 4.Nxd4 Nf6 5.Nc3 a6 6.Be2 e5 7.Nb3 Be7 8.O-O O-O
9.Kh1 b6 10.a4 Bb7 11.f3 Nc6 12.Bg5 Nb4 13.Nb1 h6 14.Bxf6 Bxf6  1/2-1/2

[Event "zt3.3 Women"]
[Site "HeiBei CHN"]
[Date "2001.04.28"]
[Round "12"]
[White "Zhu Chen"]
[Black "Li Ruofan"]
[Result "1-0"]
[WhiteElo "2538"]
[BlackElo "2278"]

1.d4 d5 2.c4 e6 3.Nc3 Be7 4.Nf3 Nf6 5.Bg5 O-O 6.e3 h6 7.Bh4 b6 8.Bd3 dxc4
9.Bxc4 Bb7 10.O-O Ne4 11.Bxe7 Qxe7 12.Rc1 Nxc3 13.Rxc3 Nd7 14.Bb5 Rac8 15.Qa4 Rfd8
16.Rfc1 c5 17.Bxd7 Rxd7 18.Ne5 Rdc7 19.Qc2 f6 20.Ng6 Qe8 21.Nf4 e5 22.dxe5 Qxe5
23.h4 b5 24.Rd1 c4 25.Rd4 a5 26.a4 f5 27.axb5 Qxb5 28.Ra3 Be4 29.Qd2 Rb7
30.Rd8+ Rxd8 31.Qxd8+ Kh7 32.Rxa5 Qb6 33.Qxb6 Rxb6 34.Rc5 Bd3 35.h5 Kg8 36.Nxd3 cxd3
37.Rd5 Rxb2 38.Rxd3 Kf7 39.Rd6 Rb5 40.g3 f4 41.gxf4 Rxh5 42.Kg2 Ra5 43.e4 g6
44.Kg3 Ra3+ 45.f3 Ra2 46.f5 gxf5 47.e5 Ra4 48.Rxh6 Ke7 49.Rh4 f4+ 50.Rxf4 Ra5
51.Re4 Ra8 52.Rb4 Rf8 53.Rb6  1-0

[Event "2nd SUFE Cup Rapid"]
[Site "Shanghai CHN"]
[Date "2001.06.01"]
[Round "4"]
[White "Zhu Chen"]
[Black "Maric,A"]
[Result "1/2-1/2"]
[WhiteElo "2538"]
[BlackElo "2446"]

1.Nf3 Nf6 2.c4 e6 3.d4 b6 4.g3 Ba6 5.b3 Bb7 6.Bg2 Bb4+ 7.Bd2 a5 8.O-O O-O
9.Qc2 d6 10.Bg5 a4 11.Nc3 Bxc3 12.Qxc3 Nbd7 13.b4 Ne4 14.Qc2 Qc8 15.Be3 c5
16.bxc5 bxc5 17.Rab1 Nef6 18.d5 exd5 19.Nh4 g6 20.Rfd1 Ba6 21.Bxd5 Nxd5 22.Rxd5 Ne5
23.Bxc5 Nxc4 24.Bb4 Re8 25.Rd4 Qc6 26.Rxd6 Rxe2 27.Qxe2 Nxd6 28.Qe5 Qe4 29.Qxe4 Nxe4  1/2-1/2

[Event "2nd SUFE Cup Rapid"]
[Site "Shanghai CHN"]
[Date "2001.06.01"]
[Round "5"]
[White "Chiburdanidze,M"]
[Black "Zhu Chen"]
[Result "1/2-1/2"]
[WhiteElo "2513"]
[BlackElo "2538"]

1.d4 d5 2.c4 c6 3.Nf3 Nf6 4.e3 Bf5 5.Nc3 e6 6.Nh4 Be4 7.f3 Bg6 8.Qb3 Qb6
9.Nxg6 hxg6 10.Bd2 Nbd7 11.Be2 Qxb3 12.axb3 a6 13.Kf2 Bd6 14.g4 Ke7 15.g5 Ne8
16.f4 Bc7 17.c5 f5 18.h4 Nf8 19.Bf3 Bd8 20.Ne2 Nc7 21.Ba5 Nb5 22.Bxd8+ Rxd8
23.Nc1 Nd7 24.b4 Na7 25.Rh3 Rb8 26.Nd3 Rh7 27.Rah1 Rbh8 28.Be2 Nc8 29.Nc1 Kd8
30.Bd3 Ne7 31.Ne2 Ke8 32.Ng3 Kf7 33.Be2 Kf8 34.Nf1 Ke8 35.Kg2 Kf8 36.Nd2 Ke8
37.h5 gxh5 38.Bxh5+ Kd8 39.Bf7 Rxh3 40.Rxh3 Rxh3 41.Kxh3 Nf8 42.Kh4 Kc7 43.Nf3 Kd7
44.Kh5 Kd8 45.g6 Nc8 46.Ng5 Ke7 47.Kh4 Na7 48.Kg3 Nb5 49.Kf3 Nc7 50.Ke2  1/2-1/2

[Event "2nd SUFE Cup Rapid"]
[Site "Shanghai CHN"]
[Date "2001.06.02"]
[Round "6"]
[White "Zhu Chen"]
[Black "Alexandria,N"]
[Result "1-0"]
[WhiteElo "2538"]
[BlackElo "2336"]

1.d4 Nf6 2.c4 e6 3.Nf3 b6 4.g3 Ba6 5.b3 b5 6.cxb5 Bxb5 7.Bg2 c5 8.O-O Bc6
9.Ba3 Na6 10.Nbd2 cxd4 11.Bxf8 Kxf8 12.Nc4 g6 13.Qxd4 Kg7 14.Nce5 Bd5 15.e4 Bb7
16.Ng5 Rf8 17.Ng4 h6 18.Nxf6 Qxf6 19.Qxf6+ Kxf6 20.e5+ Kxg5 21.f4+ Kf5 22.Bh3+ Ke4
23.Rad1 Nc5 24.Rfe1+ Kf3 25.Rd2 Ne4 26.Rd3+  1-0

[Event "2nd SUFE Cup Rapid"]
[Site "Shanghai CHN"]
[Date "2001.06.02"]
[Round "7"]
[White "Alexandria,N"]
[Black "Zhu Chen"]
[Result "1-0"]
[WhiteElo "2336"]
[BlackElo "2538"]

1.c4 e5 2.Nc3 Nf6 3.Nf3 Nc6 4.a3 d5 5.cxd5 Nxd5 6.Qc2 Be6 7.b4 a6 8.e3 Nxc3
9.Qxc3 e4 10.Ne5 Nxe5 11.Qxe5 Qd5 12.Bb2 O-O-O 13.Qxd5 Bxd5 14.Be2 Bc6 15.Rc1 f6
16.Bxa6 Kb8 17.Bc4 b5 18.Be2 Kb7 19.Rc2 Bd6 20.O-O Rhe8 21.Rfc1 Bd7 22.d3 Bf5
23.dxe4 Bxe4 24.Bxb5 Re6 25.Re2 Be5 26.f3 Bd3 27.Bxd3 Rxd3 28.Bxe5 Rxe5 29.e4 Rxa3
30.Rd2 Re7 31.h4 Rb3 32.Rc4 Kb6 33.Kf2 c6 34.Rd6 Rc7 35.Rcd4 Rb2+ 36.Kg3 h5
37.Rd8 Ra7 38.Rb8+ Kc7 39.Rg8 Kb6 40.Kh3 Rb7 41.Rh8 Ra7 42.Rxh5 Raa2 43.g3 Ra3
44.Kg4 Rbb3 45.Rf5 Ra4 46.Rd7 Ra7 47.Rd4 Ra4 48.Kh5 Raa3 49.Rd7 Rxf3 50.Rxf3 Rxf3
51.Rxg7 Kb5 52.Rb7+ Kc4 53.Kg4 Rf1 54.Rb6 c5 55.bxc5 Kxc5 56.Re6 Kd4 57.h5 Rf2
58.h6 Rf1 59.Kh5 Rf3 60.Kg6 Rxg3+ 61.Kxf6 Rf3+ 62.Kg7  1-0